50 Meest voorkomende Nederlandstalige woorden - Statistieken

Algemene statistieken
  • Deze quiz is 5.554 keer genomen
  • De gemiddelde score is 21 van 50
Antwoordstatistieken
Rang Woord % Correct
4 de
89%
3 het
89%
1 ik
88%
7 een
84%
37 jij
75%
17 hij
71%
50 nee
63%
27 ben
62%
18 zijn
60%
12 we
59%
40 ja
58%
14 ze
56%
15 op
53%
9 en
52%
21 me
52%
5 is
51%
2 je
48%
30 u
48%
6 dat
47%
23 heb
45%
13 in
45%
10 wat
38%
22 die
36%
46 moet
35%
11 van
35%
20 maar
34%
29 mijn
33%
8 niet
33%
24 voor
33%
38 zo
30%
16 te
29%
41 kan
28%
33 om
28%
32 aan
27%
19 er
27%
49 hebben
27%
25 met
27%
44 wel
27%
45 wil
26%
31 dit
25%
26 als
24%
36 dan
24%
35 naar
24%
28 was
24%
47 goed
23%
34 hier
19%
48 hem
17%
42 geen
13%
43 nog
13%
39 weet
7%
Geen overeenkomende quizzen gevonden
Scoreverdeling
Procent van Mensen met Elke Score
Percentiel versus Aantal Correcte Antwoorden
Uw Scoregeschiedenis
U heeft deze quiz nog niet genomen